000 00356nam a2200157 a 4500
001 4140
003 MO
005 20170315111351.0
008 090218s19uu xx 00 eng d
050 _aTR
_bR79 1999
100 _aRowling, J. K.
245 _aHarry Potter and the chamber of secrets.
942 _2ddc
_cBK
999 _c110970
_d110970